00623cam a22001937a 4500003000500000005001700005008004100022010000800063011000900071035000800080040000900088100003900097245011100136260004000247300002200287502006900309650002900378650002200407CHAP20220329132947.0971013s1990 r 00010 d a680 a1652 a828 cCHAP00aGonzález Guerrero, Juan Antonio. 0aEvaluación de la regeneración de Pinus cembroides Zucc. en condiciones naturales en la Amapola, S.L.P. aChapingo, Méx. :bEl autor,c1990 a79 h.b: gráfs. aTesis (Ing. Forestal) -- UACH. División de Ciencias Forestales14aBosquesxRegeneración.14aPinus cembroides.